| 000 | 01075cam a2200265 a 4500 | ||
|---|---|---|---|
| 020 | _a047172064X (alk. paper) | ||
| 020 | _a9780471720645 (alk. paper) | ||
| 082 | 0 | 0 |
_a620.0042 _bANG _cL-4, P-26 |
| 100 | 1 |
_aAng, Alfredo Hua-Sing, _940526 |
|
| 245 | 1 | 0 |
_aProbability concepts in engineering : _bemphasis on applications in civil & environmental engineering / _cAlfredo H-S. Ang, Wilson H. Tang. |
| 250 | _a2nd ed. | ||
| 260 |
_aNew York : _bWiley, _cc2007. |
||
| 300 |
_axiii, 406 p. : _bill. ; _c26 cm. |
||
| 500 | _aRev. ed. of: Probability concepts in engineering planning and design. 1975-c1984. | ||
| 526 |
_a0 _b0 _c0 _d620_004200000000000_ANG |
||
| 526 |
_a0 _b0 _c0 _d620_004200000000000_ANG |
||
| 650 | 0 |
_aEngineering _xStatistical methods. _9129 |
|
| 650 | 0 |
_aMCE _9379 |
|
| 650 | 0 |
_aProbabilities. _979 |
|
| 700 | 1 |
_aAng, Alfredo Hua-Sing, _940526 |
|
| 700 | 1 |
_aTang, Wilson H. _940527 |
|
| 856 | 4 | 1 | _uhttp://www.loc.gov/catdir/enhancements/fy0643/2006286423-t.html |
| 856 | 4 | 2 | _uhttp://www.loc.gov/catdir/enhancements/fy0643/2006286423-d.html |
| 942 |
_2ddc _cBK |
||
| 999 |
_c544788 _d544788 |
||